[Event "Helsinki op"]
[Site "Helsinki"]
[Date "1992.??.??"]
[Round "3"]
[White "Geller, Efim P"]
[Black "Novikov, Igor A"]
[Result "1/2-1/2"]
[WhiteElo "2525"]
[BlackElo "2585"]
[PlyCount "157"]
[EventDate "1992.09.??"]
[EventType "swiss"]
[EventRounds "9"]
[EventCountry "FIN"]
[SourceTitle "CBM 032"]
[Source "ChessBase"]
[SourceDate "1993.02.01"]
[SourceVersion "1"]
[SourceVersionDate "1993.02.01"]
[SourceQuality "1"]

1. e4 c5 2. Nf3 d6 3. d4 cxd4 4. Nxd4 Nf6 5. Nc3 a6 6. Be2 e6 7. 0-0 Be7 8. f4 Qc7 9. Qe1 0-0 10. Qg3 Nc6 11. Be3 Nxd4 12. Bxd4 b5 13. e5 dxe5 14. fxe5 Nd7 15. Ne4 Bb7 16. Nd6 Bd5 17. Bd3 f6 18. Qh4 h6 19. Qg3 Rad8 20. Qg6 f5 21. Rae1 Nxe5 22. Rxe5 Bxd6 23. Rxe6 Bc5 24. Bf2 Bxe6 25. Qxe6+ Kh8 26. Qxa6 b4 27. Qb5 Bxf2+ 28. Rxf2 Qd6 29. Qc4 Qb6 30. g3 Rd4 31. Qb5 Qxb5 32. Bxb5 g6 33. c3 Rd1+ 34. Kg2 Ra8 35. cxb4 Rxa2 36. Bc4 Ra7 37. Kf3 Re7 38. b5 Kg7 39. b3 g5 40. Ra2 Rd4 41. Kf2 g4 42. h3 h5 43. hxg4 hxg4 44. Ra8 Rd2+ 45. Kf1 Kf6 46. b6 Rb7 47. Rf8+ Kg6 48. Rg8+ Kh7 49. Rg5 Rxb6 50. Rxf5 Rh6 51. Ke1 Rb2 52. Be2 Rh1+ 53. Rf1 Rb1+ 54. Kf2 Rhxf1+ 55. Bxf1 Rxb3 56. Be2 Rb4 57. Ke3 Kg6 58. Bd3+ Kg5 59. Be4 Rb3+ 60. Kf2 Rc3 61. Bd5 Kf5 62. Bb7 Ke5 63. Kg2 Kd4 64. Kf2 Rc7 65. Ba8 Rf7+ 66. Kg2 Ke3 67. Bd5 Rc7 68. Kg1 Rc5 69. Bb7 Kd4 70. Kf2 Rc7 71. Ba8 Rf7+ 72. Kg1 Re7 73. Kf2 Kc5 74. Kg1 Re5 75. Kf2 Kb6 76. Kg1 Ra5 77. Be4 Kc5 78. Kf2 Kd4 79. Bc6 1/2-1/2

[Event "Cappelle op 08th"]
[Site "Cappelle la Grande"]
[Date "1992.??.??"]
[Round "6"]
[White "Geller, Efim P"]
[Black "Pigusov, Evgeny"]
[Result "1/2-1/2"]
[WhiteElo "2535"]
[BlackElo "2550"]
[PlyCount "56"]
[EventDate "1992.02.??"]
[EventType "swiss"]
[EventRounds "9"]
[EventCountry "FRA"]
[SourceTitle "EXT 1997"]
[Source "ChessBase"]
[SourceDate "1996.11.15"]
[SourceVersion "1"]
[SourceVersionDate "1996.11.15"]
[SourceQuality "1"]

1. e4 c5 2. Nf3 Nc6 3. d4 cxd4 4. Nxd4 g6 5. c4 Nf6 6. Nc3 d6 7. Nc2 Bg7 8. Be2 Nd7 9. Bd2 0-0 10. 0-0 Nc5 11. b4 Ne6 12. Rc1 a5 13. a3 axb4 14. axb4 Ncd4 15. Nxd4 Nxd4 16. Be3 e5 17. Nb5 Nxb5 18. cxb5 Be6 19. b6 f5 20. f3 Ra3 21. Qd2 Ra2 22. Rc2 Rxc2 23. Qxc2 Qd7 24. Rc1 f4 25. Bf2 Rc8 26. Qxc8+ Qxc8 27. Rxc8+ Bxc8 28. Bh4 Kf7 1/2-1/2